| 000 | 01576cab a2200205 4500 | ||
|---|---|---|---|
| 001 | ##L133963 | ||
| 008 | 060626n2006 000 0 eng u | ||
| 035 | _a(Sirsi) u133963 | ||
| 041 | 0 | _aeng | |
| 245 | 0 | 0 |
_aDavid Markinson v The Information Commissioner _h[electronic resource] |
| 260 | _c2006 | ||
| 520 |
_aInformation Tribunal _bEnvironmental Information Regulation Cases, 28 March 2006. M complained about difficulties in obtaining documents from Kings Lynn and West Norfolk BC and its schedule of charges. Copies of most documents cost 50p a sheet with copies of planning decision notices costing £6.50. M took his case to the Information Commissioners Office (ICO) which acts as the watchdog for questions of access to information. The ICO ruled that K was entitled to charge whatever amount it considered reasonable. Friends of the Earth took the case on behalf of M to the Information Tribunal. "Held": ICO decision overturned. Local authorities are free to exceed the guide price of 10p per sheet but only if they can demonstrate that there is good reason to do so. K has changed its schedule of charges accordingly. |
||
| 650 | 2 | 4 | _aMARKINSON V INFORMATION COMMISSIONER |
| 650 | 2 | 4 | _aENVIRONMENTAL INFORMATION REGULATIONS 2004 |
| 650 | 2 | 4 | _aFREEDOM OF INFORMATION ACT 2000 |
| 651 | 4 |
_aEngland and Wales _y1543- |
|
| 690 | _aENVIRONMENTAL AND LAND CONSULTANCY-PLANNING AND DEVELOPMENT | ||
| 856 | 4 | 0 |
_uhttps://www.informationtribunal.gov.uk/DBFiles/Decision/i161/Markinson.pdf _zView the judgment free of charge at www.informationtribunal.gov.uk |
| 942 | _n0 | ||
| 999 |
_c77289 _d77289 |
||